000 00471cam a22001451 4500
082 _a621.38412
_bPRI
_cL-11, P-109
100 1 _aShea, Richard F.
_941558
245 1 0 _aPrinciples of transistor circuits.
_cCo-authors: Woo Foung Chow [and others]
260 _aNew York,
_bWiley
_c[1953]
300 _axxx, 535 p.
_billus.
_c24 cm.
526 _a0
_b0
_c0
_d621_384120000000000_PRI
650 0 _aTransistor circuits.
_941559
650 0 _aTransistors.
_941560
942 _2ddc
_cBK
999 _c545629
_d545629